| 000 | 00426cam a22001577a 4500 | ||
|---|---|---|---|
| 008 | 180718b1998 xxu||||| |||| 00| 0 eng d | ||
| 020 | _a0333727207 | ||
| 082 | _aD4 St65/98 | ||
| 100 | _aStoessinger, John G. | ||
| 245 |
_aWhy nations go to war _cby John G. Stoessinger |
||
| 250 | _a7th ed. | ||
| 260 |
_aNew York _bSt. Martin's Press _c1998 |
||
| 300 | _a239p. | ||
| 650 | _aWar | ||
| 650 | _aHistory, Modern --20th century | ||
| 999 |
_c387366 _d387366 |
||